=LDR 00000nam 2200000 4500 =001 INLIS000000000036403 =005 20130612142207 =008 ***********************************Ind** =035 ##$$0010-061300000036403 =041 ##$$a Ind =082 ##$$a 813.083 =090 ##$$a 813.083, Har b =100 ##$$a Harris, Iyudsey =245 ##$$a Befrayed, Iyudsey Harris, Andrew Crofts =260 ##$$a 2010 $b Jakarta =300 ##$$a 285 hlm, 21 cm =650 ##$$a Fiksi Indonesia-Realistis =850 ##$$a NBPNMAT